| 000 | 00476nam a22001457a 4500 | ||
|---|---|---|---|
| 082 | _a004 | ||
| 100 | _aAshraf, Naveeda | ||
| 245 |
_aAnalysis of Hardware Rooted Security System Implementation in Mobile Devices / _cNaveeda Ashraf |
||
| 260 |
_aIslamabad : _bMCS - NUST, _c2017. |
||
| 300 |
_a88 p. ; _c30cm. |
||
| 650 |
_aInformation Securit-MS-Thesis _935402 |
||
| 700 |
_aDr. Rabia Latif _935054 |
||
| 942 |
_2ddc _cTHE |
||
| 999 |
_c541070 _d541070 |
||